000 00374nam a2200133Ia 4500
008 151001s9999||||xx |||||||||||||| ||und||
100 _aदिलीप सालवी
245 _a१००० गणित प्रश्नोत्तरी
250 _a1
260 _bसत्साहीत्य
260 _c2002
300 _a191
365 _b21
999 _c980669
_d980666